MARC

LEADER 00000nam0a2200000 4500
001 35622
005 20231030234329.0
035 |a (RuTPU)RU\TPU\book\36059 
035 |a BOOK00002711 
090 |a 35622 
100 |a 20011210d1979 km y0rusy50 ca 
101 0 |a rus 
102 |a RU 
105 |a y z 000zy 
200 1 |a Структура электронных вычислительных машин  |f С. А. Майоров, Г. И. Новиков 
205 |a 2-е изд., перераб. и доп. 
210 |a Ленинград  |c Машиностроение  |d 1979 
215 |a 384 с. 
610 1 |a цифровые вычислительные машины 
610 1 |a ЭВМ 
610 1 |a проектирование 
610 1 |a устройства 
610 1 |a схемы 
610 1 |a информации 
675 |a 681.322  |v 3 
700 1 |a Майоров  |b С. А.  |g Сергей Александрович 
701 1 |a Новиков  |b Г. И.  |g Геннадий Иванович 
801 0 |a RU  |b 63413507  |c 20011210  |g PSBO 
801 2 |a RU  |b 63413507  |c 20160630  |g PSBO 
900 |a Дискретные устройства и микропроцессоры 
942 |c BK